Supreme Court reports annotated / (Record no. 3610)

MARC details
000 -LEADER
fixed length control field 01095nam a22003017a 4500
003 - CONTROL NUMBER IDENTIFIER
control field OSt
005 - DATE AND TIME OF LATEST TRANSACTION
control field 20250203092505.0
008 - FIXED-LENGTH DATA ELEMENTS--GENERAL INFORMATION
fixed length control field 250120b |||||||| |||| 00| | eng d
040 ## - CATALOGING SOURCE
Transcribing agency JMCFI - Learning Resource Center
050 ## - LIBRARY OF CONGRESS CALL NUMBER
Classification number KPM 18 .A2 .S87 1998 Vol.292
082 ## - DEWEY DECIMAL CLASSIFICATION NUMBER
Classification number Fil./JDLL 349.914 Su959 1998 V292
245 ## - TITLE STATEMENT
Title Supreme Court reports annotated /
Statement of responsibility, etc. complied and edited by the Editorial Staff of the Central Professional Books, Inc.
260 ## - PUBLICATION, DISTRIBUTION, ETC.
Place of publication, distribution, etc. Manila :
Name of publisher, distributor, etc. Central Professional Books, Inc.,
Date of publication, distribution, etc. 1998.
300 ## - PHYSICAL DESCRIPTION
Extent volume 292, xx, 866 pages ;
Dimensions 23 cm
650 ## - SUBJECT ADDED ENTRY--TOPICAL TERM
Topical term or geographic name entry element Law reports, digests, etc.
9 (RLIN) 6521
650 ## - SUBJECT ADDED ENTRY--TOPICAL TERM
Topical term or geographic name entry element Philippines. Supreme Court reports.
9 (RLIN) 8708
650 ## - SUBJECT ADDED ENTRY--TOPICAL TERM
Topical term or geographic name entry element SCRA.
9 (RLIN) 8835
650 ## - SUBJECT ADDED ENTRY--TOPICAL TERM
Topical term or geographic name entry element Jurisprudence.
9 (RLIN) 7993
650 ## - SUBJECT ADDED ENTRY--TOPICAL TERM
Topical term or geographic name entry element Contracts law.
9 (RLIN) 7344
650 ## - SUBJECT ADDED ENTRY--TOPICAL TERM
Topical term or geographic name entry element Rescissible contracts.
9 (RLIN) 8892
650 ## - SUBJECT ADDED ENTRY--TOPICAL TERM
Topical term or geographic name entry element Fraud.
9 (RLIN) 7175
650 ## - SUBJECT ADDED ENTRY--TOPICAL TERM
Topical term or geographic name entry element Creditors.
9 (RLIN) 8893
650 ## - SUBJECT ADDED ENTRY--TOPICAL TERM
Topical term or geographic name entry element Extrajudicial rescission.
9 (RLIN) 8894
650 ## - SUBJECT ADDED ENTRY--TOPICAL TERM
Topical term or geographic name entry element Rescission.
9 (RLIN) 8240
650 ## - SUBJECT ADDED ENTRY--TOPICAL TERM
Topical term or geographic name entry element Jurisdiction of courts in rescissory actions.
9 (RLIN) 8895
710 ## - ADDED ENTRY--CORPORATE NAME
Corporate name or jurisdiction name as entry element Central Professional Books, Inc.
9 (RLIN) 8855
942 ## - ADDED ENTRY ELEMENTS (KOHA)
Source of classification or shelving scheme Library of Congress Classification
Koha item type Books
Suppress in OPAC No
Holdings
Withdrawn status Lost status Source of classification or shelving scheme Damaged status Not for loan Collection Home library Current library Shelving location Date acquired Total Checkouts Full call number Barcode Date last seen Copy number Price effective from Koha item type
    Library of Congress Classification   In-House Use Reference LRC - Juris Doctor Law LRC - Juris Doctor Law KPM - Law 11/27/2015   KPM 18 .A2 .S87 1998 Vol.292 c1 JDLL00000992 01/31/2025 1 01/31/2025 Books
    Library of Congress Classification   In-House Use Reference LRC - Juris Doctor Law LRC - Juris Doctor Law KPM - Law 11/27/2015   KPM 18 .A2 .S87 1998 Vol.292 c2 JDLL00000993 01/31/2025 2 01/31/2025 Books
    Library of Congress Classification   In-House Use Reference LRC - Juris Doctor Law LRC - Juris Doctor Law KPM - Law 11/27/2015   KPM 18 .A2 .S87 1998 Vol.292 c3 JDLL00000994 01/31/2025 3 01/31/2025 Books